000 00320nam a2200133Ia 4500
008 190722s9999 xx 000 0 und d
020 _a978-81-315-1851-9
100 _aZikmund
245 0 _aBusiness Research Methods
250 _a8th
260 _aNew Delhi
_bCengage learning
_c2013
300 _a750
942 _cBK
999 _c1007
_d1007